Score 0/148 Timer 09:00
2 Plays Today
% Correct
100%
a
94.5%
ᴛᴀ
94.5%
the
88.5%
the
88.5%
the
88.5%
the
88.5%
the
88.5%
the
88.5%
the
88.5%
the
88.5%
the
88.5%
ʟᴀʟ.
88.5%
THE
88.5%
is
83.2%
is
83.2%
ᴏs
83.2%
IS
83.2%
And
83.2%
And
83.2%
And
83.2%
And
83.2%
And
83.2%
ᴀsᴇ;
83.2%
in
82.7%
in
82.7%
in
82.7%
in
82.7%
ɴᴏ
82.7%
it
81.6%
It
81.6%
81.6%
ɴɪ
81.6%
ɴɪ
81.6%
81.6%
ɴɪ
81.6%
ɴɪ
81.6%
on
81.5%
at
81.1%
ᴛɪ
81.1%
ᴛɪ
81.1%
be
80.6%
ᴇᴛʜ
80.6%
ᴇᴛʜ
80.6%
ᴇᴛʜ
80.6%
ᴇᴛʜ
80.6%
ᴇᴛʜ
80.6%
ᴇᴛʜ
80.6%
ᴇᴛʜ
80.6%
ᴇᴛʜ
80.6%
% Correct
ᴇᴛʜ
80.6%
of
79.7%
ᴠɪᴇ’
79.7%
so
78.5%
ᴇʙ
78.5%
ғᴏ
78.5%
ᴇᴍ.
78.5%
me.
78.3%
ɴᴀᴅ
78.3%
ɴᴀᴅ
78.3%
ɴᴀᴅ
78.3%
ɴᴀᴅ
78.3%
ɴᴀᴅ
78.3%
with
76.9%
ᴜɴᴛᴇ
76.9%
WITH
76.9%
all.
76.2%
ᴡʜɪᴛ
76.2%
That
76.2%
That
76.2%
That
76.2%
ᴀʟɢᴇ
76.2%
sea;
73.7%
ʜᴀᴛᴛ
73.7%
ʜᴀᴛᴛ
73.7%
ʜᴀᴛᴛ
73.7%
tune
72.9%
ᴅʀɪʙ
72.9%
I’ve
72.6%
ᴛʏᴇ,
72.6%
bird
72.3%
sᴍᴜᴛ
72.3%
must
71.7%
ɢɴɪss
71.7%
Hope
71.3%
ʟᴏᴜs,
71.3%
HOPE
71.3%
Yet,
71.2%
ᴇᴘᴏʜ
71.2%
sings
71%
ᴠᴇʀɴᴇ
71%
ᴠᴇʀɴᴇ,
71%
never
71%
never,
71%
sᴡᴏʀᴅ,
71%
gale
70.8%
ᴍᴀʀᴡ.
70.8%
warm.
70.2%
ᴘᴇᴋᴛ
70.2%
sᴘʀᴇᴇᴄʜ
69.9%
% Correct
words,
69.9%
ʜᴀᴛᴇʀᴇғs
69.9%
ʜᴜɪᴛᴛᴏᴡ
69.9%
sᴛᴇᴇsᴛᴇᴡ
69.9%
ʟᴇᴛɪʟᴛ
69.9%
ʟᴇᴄᴛʟɪsʜ
69.9%
ʀᴇsᴛᴀɴɢsᴛ
69.9%
ᴛʀᴇᴍᴇʏᴛɪx,
69.9%
soul,
69.9%
ʀᴏsᴇ
69.9%
kept
69.7%
ᴀᴍʏɴ
69.7%
many
69.3%
ʙᴜʀᴄᴍ
69.3%
sore
68.5%
ᴅʟᴀɴ
68.5%
land
67.6%
ᴄʟᴏᴜᴅ
67.6%
without
65.2%
crumb
65.2%
ɴɪɢʜᴛ
65.2%
little
64.9%
thing
64.7%
ᴘᴏsᴛs
64.7%
THING
64.7%
stops
62.4%
ᴍᴏʀᴛs
62.4%
storm
59.5%
strangest
58.9%
could
57.6%
ᴅᴇʜᴀʀ;
57.6%
ᴅᴇʜᴀʀ
57.6%
heard;
56.7%
heard
56.7%
sᴋᴀᴅᴇ
56.7%
feathers
55.6%
FEATHERS
55.6%
ʟɪᴍᴇʏ
55.6%
sᴋɪɴɴᴏᴄɪᴅ
55.6%
extremity,
49.4%
asked
44.3%
ʜᴀsʙᴀ
44.3%
sweetest
41.4%
abash
40.4%
perches
39.5%
Emily
37.5%
Dickinson
35.7%
chillest
26%
Remove Ads.
Support Sporcle.
Get the best of Sporcle when you Go Orange. This ad-free experience offers more features, more stats, and more fun while also helping to support Sporcle. Thank you for becoming a member.

You're not logged in!

Compare scores with friends on all Sporcle quizzes.
OR
Log In

Show Comments

Extras

Top Quizzes Today


Score Distribution

Your Account Isn't Verified!

In order to create a playlist on Sporcle, you need to verify the email address you used during registration. Go to your Sporcle Settings to finish the process.

Report this User

Report this user for behavior that violates our Community Guidelines.

Details: